00743cam a2200205Mi 450000500170000000800410001702000180005804000500007604100080012606000120013410000180014624500600016426000790022430000230030350400530032665000390037965000530041865000310047165000350050220180405183911.0140925s2014 xxu fr 001 0 eng d a9781421413037 aCO-BoUCMbspacJose A. GerenadJose A. Gerena0 aeng aWT 11.11 aWeisz, George00aChronic disease in the twentieth century cGeorge Weisz aBaltimore (Maryland, Estados Unidos)bJohns Hopkins University pressc2014 axvi, 307 páginas aIncluye referencias bibliográficas e índices 7aEnfermedades crónicas xHistoria 7aEnfermedades crónicas xPrevenciónxHistoria 7aSalud pública xHistoria 7aPolítica médica xHistoria